Social transparency : (Record no. 607896)
[ view plain ]
| 000 -LEADER | |
|---|---|
| fixed length control field | 01639cam a2200361 i 4500 |
| 001 - CONTROL NUMBER | |
| control field | 19175840 |
| 003 - CONTROL NUMBER IDENTIFIER | |
| control field | OSt |
| 005 - DATE AND TIME OF LATEST TRANSACTION | |
| control field | 20240220143424.0 |
| 008 - FIXED-LENGTH DATA ELEMENTS--GENERAL INFORMATION | |
| fixed length control field | 160714s2016 nyu b 001 0 eng |
| 010 ## - LIBRARY OF CONGRESS CONTROL NUMBER | |
| LC control number | 2016032616 |
| 020 ## - INTERNATIONAL STANDARD BOOK NUMBER | |
| International Standard Book Number | 9781941332191 (alk. paper) |
| 040 ## - CATALOGING SOURCE | |
| Original cataloging agency | DLC |
| Language of cataloging | eng |
| Transcribing agency | DLC |
| Description conventions | rda |
| Modifying agency | DLC |
| 042 ## - AUTHENTICATION CODE | |
| Authentication code | pcc |
| 043 ## - GEOGRAPHIC AREA CODE | |
| Geographic area code | n-us-ca |
| 050 00 - LIBRARY OF CONGRESS CALL NUMBER | |
| Classification number | HD7287.6.U52 |
| Item number | C27 2016 |
| 082 00 - DEWEY DECIMAL CLASSIFICATION NUMBER | |
| Classification number | 363.50979493 |
| Edition number | 23 |
| Author Mark | SOC |
| 245 00 - TITLE STATEMENT | |
| Title | Social transparency : |
| Remainder of title | projects on housing / |
| Statement of responsibility, etc. | Michael Maltzan ; with essays by Hilary Sample, Níall McLaughlin, & Florian Idenburg, a project of the housing studios at columbia GSAPP, directed by Hilary Sample ; introduction by Amale Andraos ; edited by James Graham. |
| 260 ## - PUBLICATION, DISTRIBUTION, ETC. | |
| Place of publication, distribution, etc. | New York; |
| Name of publisher, distributor, etc. | Columbia University: |
| Date of publication, distribution, etc. | 2016. |
| 300 ## - PHYSICAL DESCRIPTION | |
| Extent | 144 pages ; |
| Dimensions | 19 cm. |
| 490 0# - SERIES STATEMENT | |
| Series statement | GSAPP transcripts |
| 504 ## - BIBLIOGRAPHY, ETC. NOTE | |
| Bibliography, etc. note | Includes bibliographical references (pages 140-141) and index. |
| 610 20 - SUBJECT ADDED ENTRY--CORPORATE NAME | |
| Corporate name or jurisdiction name as entry element | Skid Row Housing Trust. |
| 9 (RLIN) | 120829 |
| 650 #0 - SUBJECT ADDED ENTRY--TOPICAL TERM | |
| Topical term or geographic name entry element | Housing |
| Geographic subdivision | California |
| -- | Los Angeles. |
| 9 (RLIN) | 120830 |
| 650 #0 - SUBJECT ADDED ENTRY--TOPICAL TERM | |
| Topical term or geographic name entry element | Apartment houses |
| Geographic subdivision | California |
| -- | Los Angeles. |
| 9 (RLIN) | 120831 |
| 650 #0 - SUBJECT ADDED ENTRY--TOPICAL TERM | |
| Topical term or geographic name entry element | Architecture and society |
| Geographic subdivision | California |
| -- | Los Angeles. |
| 9 (RLIN) | 120832 |
| 651 #0 - SUBJECT ADDED ENTRY--GEOGRAPHIC NAME | |
| Geographic name | Los Angeles (Calif.) |
| General subdivision | Buildings, structures, etc. |
| 9 (RLIN) | 34127 |
| 700 1# - ADDED ENTRY--PERSONAL NAME | |
| Personal name | Maltzan, Michael. |
| 9 (RLIN) | 120833 |
| 710 2# - ADDED ENTRY--CORPORATE NAME | |
| Corporate name or jurisdiction name as entry element | Columbia University. |
| Subordinate unit | Graduate School of Architecture, Planning, and Preservation. |
| 9 (RLIN) | 120827 |
| 906 ## - LOCAL DATA ELEMENT F, LDF (RLIN) | |
| a | 7 |
| b | cbc |
| c | orignew |
| d | 1 |
| e | ecip |
| f | 20 |
| g | y-gencatlg |
| 942 ## - ADDED ENTRY ELEMENTS (KOHA) | |
| Source of classification or shelving scheme | |
| Koha item type | Book |
| Institution code [OBSOLETE] | SADA |
| Call number prefix | 363.50979493 SOC 2016 |
| Withdrawn status | Lost status | Source of classification or shelving scheme | Damaged status | Not for loan | Permanent Location | Current Location | Date acquired | Source of acquisition | Total Checkouts | Full call number | Barcode | Date last seen | Date last checked out | Cost, replacement price | Price effective from | Koha item type |
|---|---|---|---|---|---|---|---|---|---|---|---|---|---|---|---|---|
| School of Art Design and Architecture (SADA) | School of Art Design and Architecture (SADA) | 08/16/2018 | Golden Books | 1 | 363.50979493 SOC 2016 | SADA0002795 | 09/17/2025 | 09/04/2025 | 2575.23 | 02/20/2024 | Book |
